000 006460000a22002050004500
020 _a84-285-1153-5
041 0 _aSPA
082 0 4 _aG 270.92 M9719d
100 1 _aMuñoz, Ronaldo (1933-)
245 1 0 _aDios de los cristianos / Ronaldo Muñoz
260 _aMadrid, España : Paulinas
300 _a252 Pag
440 0 _aCol. Cristianismo y Sociedad; No. 4
650 1 4 _aTEOLOGIA DOGMATICA \ DIOS \ TEOLOGIA DE LA LIBERACION - AMERICA LATINA \ AMERICA LATINA - VIDA RELIGIOSA Y COSTUMBRES
001 3773
942 _cBK
999 _c34405
_d34405
336 _atexto
_btxt
_2rdacontent
337 _2rdamedia
_asin mediación
_bn
338 _2rdacarrier
_avolumen
_bnc